Państwa świata po angielsku - Statystyki

Ogólne statystyki
  • Ten quiz został rozwiązany 23 razy
  • Średni wynik to 80 z 196
Statystyki odpowiedzi
Hint Odpowiedź % Poprawnych
Albania Albania
93%
Andora Andorra
93%
Australia Australia
93%
Austria Austria
93%
Angola Angola
87%
Argentyna Argentina
87%
Armenia Armenia
87%
Afganistan Afghanistan
80%
Belgia Belgium
80%
Bułgaria Bulgaria
73%
Chile Chile
73%
Cypr Cyprus
73%
Barbados Barbados
67%
Belize Belize
67%
Chiny China
67%
Czechy Czech Republic
67%
Polska Poland
67%
Bahamy Bahamas
60%
Benin Benin
60%
Bhutan Bhutan
60%
Brazylia Brazil
60%
Brunei Brunei
60%
Burkina Faso Burkina Faso
60%
Czad Chad
60%
Chorwacja Croatia
60%
Dania Denmark
60%
Botswana Botswana
53%
Burundi Burundi
53%
Kuba Cuba
53%
Estonia Estonia
53%
Finlandia Finland
53%
Francja France
53%
Grecja Greece
53%
Grenada Grenada
53%
Haiti Haiti
53%
Węgry Hungary
53%
Izrael Israel
53%
Włochy Italy
53%
Nowa Zelandia New Zealand
53%
Niger Niger
53%
Nigeria Nigeria
53%
Korea Północna North Korea
53%
Norwegia Norway
53%
Rosja Russia
53%
San Marino San Marino
53%
Arabia Saudyjska Saudi Arabia
53%
Korea Południowa South Korea
53%
Sudan Sudan
53%
Togo Togo
53%
Tonga Tonga
53%
Turcja Turkey
53%
Ukraina Ukraine
53%
Bangladesz Bangladesh
47%
Białoruś Belarus
47%
Kanada Canada
47%
Dominika Dominica
47%
Egipt Egypt
47%
Gabon Gabon
47%
Gambia Gambia
47%
Niemcy Germany
47%
Ghana Ghana
47%
Iran Iran
47%
Japonia Japan
47%
Laos Laos
47%
Liberia Liberia
47%
Liechtenstein Liechtenstein
47%
Malawi Malawi
47%
Mali Mali
47%
Malta Malta
47%
Mauritius Mauritius
47%
Nauru Nauru
47%
Nepal Nepal
47%
Oman Oman
47%
Pakistan Pakistan
47%
Palau Palau
47%
Panama Panama
47%
Portugalia Portugal
47%
Katar Qatar
47%
Rumunia Romania
47%
Saint Lucia Saint Lucia
47%
Samoa Samoa
47%
Senegal Senegal
47%
Serbia Serbia
47%
Słowacja Slovakia
47%
Słowenia Slovenia
47%
Somalia Somalia
47%
Sudan Południowy South Sudan
47%
Hiszpania Spain
47%
Sri Lanka Sri Lanka
47%
Szwecja Sweden
47%
Syria Syria
47%
Tuvalu Tuvalu
47%
Wielka Brytania United Kingdom
47%
Stany Zjednoczone United States
47%
Zambia Zambia
47%
Algieria Algeria
40%
Antigua i Barbuda Antigua and Barbuda
40%
Boliwia Bolivia
40%
Kolumbia Colombia
40%
Kongo Congo
40%
Eswatini Eswatini
40%
Fidżi Fiji
40%
Honduras Honduras
40%
Indie India
40%
Indonezja Indonesia
40%
Irak Iraq
40%
Irlandia Ireland
40%
Kiribati Kiribati
40%
Łotwa Latvia
40%
Lesotho Lesotho
40%
Mikronezja Micronesia
40%
Monako Monaco
40%
Mongolia Mongolia
40%
Czarnogóra Montenegro
40%
Namibia Namibia
40%
Holandia Netherlands
40%
Peru Peru
40%
Filipiny Philippines
40%
Rwanda Rwanda
40%
Saint Kitts i Nevis Saint Kitts and Nevis
40%
Sierra Leone Sierra Leone
40%
Uganda Uganda
40%
Vanuatu Vanuatu
40%
Watykan Vatican
40%
Wietnam Vietnam
40%
Zimbabwe Zimbabwe
40%
Bahrajn Bahrain
33%
Kostaryka Costa Rica
33%
Gwinea Guinea
33%
Gwinea Bissau Guinea Bissau
33%
Islandia Iceland
33%
Jordania Jordan
33%
Kosowo Kosovo
33%
Libia Libya
33%
Madagaskar Madagascar
33%
Meksyk Mexico
33%
Mołdawia Moldova
33%
Macedonia Północna North Macedonia
33%
Paragwaj Paraguay
33%
Tajwan Taiwan
33%
Tajlandia Thailand
33%
Tunezja Tunisia
33%
Turkmenistan Turkmenistan
33%
Kambodża Cambodia
27%
Ekwador Ecuador
27%
Gwatemala Guatemala
27%
Jamajka Jamaica
27%
Litwa Lithuania
27%
Luksemburg Luxembourg
27%
Mozambik Mozambique
27%
Mjanma Myanmar
27%
Nikaragua Nicaragua
27%
Papua Nowa Gwinea Papua New Guinea
27%
Szwajcaria Switzerland
27%
Tadżykistan Tajikistan
27%
Tanzania Tanzania
27%
Urugwaj Uruguay
27%
Uzbekistan Uzbekistan
27%
Jemen Yemen
27%
Kamerun Cameroon
20%
Dżibuti Djibuti
20%
Timor Wschodni East Timor
20%
Erytrea Eritrea
20%
Etiopia Ethiopia
20%
Gruzja Georgia
20%
Wybrzeże KościSłoniowej Ivory Coast
20%
Kenia Kenya
20%
Liban Lebanon
20%
Maroko Morocco
20%
Singapur Singapore
20%
RPA South Africa
20%
Wenezuela Venezuela
20%
Azerbejdżan Azerbaijan
13%
Komory Comoros
13%
Dominikana Dominican Republic
13%
Salwador El Salvador
13%
Kazachstan Kazakhstan
13%
Kuwejt Kuwait
13%
Kirgistan Kyrgyzstan
13%
Malezja Malaysia
13%
Malediwy Maldives
13%
Republika ZielonegoPrzylądka Cape Verde
7%
Republika Środkowoafrykańska Central African Republic
7%
Gwinea Równikowa Equatorial Guinea
7%
Gujana Guiana
7%
Wyspy Marshalla Marshall Islands
7%
Mauretania Mauritania
7%
Saint Vincent i Grenadyny Saint Vincent and the Grenadines
7%
Wyspy Świętego Tomaszai Książęca Sao Tome and Principe
7%
Seszele Seychelles
7%
Wyspy Salomona Solomon Islands
7%
Surinam Suriname
7%
Trynidad i Tobago Trinidad and Tobago
7%
Zjednoczone EmiratyArabskie United Arab Emirates
7%
Bośnia i Harcegowina Bosnia and Harzegovina
0%
Demokratyczna Republika Konga Democratic Republic ofthe Congo
0%
Nie znaleziono quizów pasujących do podanych kryteriów
Rozkład punktacji
Procent ludzi z każdym wynikiem
Percentyl według liczby udzielonych odpowiedzi
Twoja historia wyników
Nie rozwiązałeś tego quizu